000 00490nam a2200145 a 4500
001 000038737
005 20201002031343.0
008 130419s1997 dr 000 0 spa d
040 _aDO-SdBNP
_bspa
_cBNPHU
245 0 0 _aEstadísticas seleccionadas del sector turístico 1997 /
_ceditor Julio Moya.
260 _aSanto Domingo :
_bASONAHORES,
_c1997.
300 _a74 p. :
_bil. ;
_c29 cm.
700 1 _aMoya, Julio
_eed.
_956657
710 2 _aAsociación Nacional de Hoteles y Restaurantes
_956658
999 _c38227
_d38227